| 000 | 01111nam a22002895a 4500 | ||
|---|---|---|---|
| 003 | OSt | ||
| 005 | 20170304115322.0 | ||
| 008 | 170304s2006 ua frb 000 0 ara d | ||
| 015 | _a2006 / 21909 | ||
| 020 | _a9770450553 | ||
| 040 |
_aEG-ScBUE _bara _cEG-ScBUE |
||
| 043 | _af-ua--- | ||
| 082 | 0 | 4 |
_a345.62052028567 _bي ح ي _222 |
| 100 | 1 | _aيحيى، عادل. | |
| 245 | 1 | 2 |
_aالتحقيق والمحاكمة الجنائية عن بعد : _bدراسة تحليلية تأصيلية لتقنية ال vidéo conférence في المجال الجنائي / _cعادل يحيى. |
| 246 | 3 | 3 | _aVidéo conférence |
| 246 | 3 | 3 | _aVideo conference |
| 250 | _aط. 1. | ||
| 260 |
_aالقاهرة : _bدار النهضة العربية، _c2006. |
||
| 300 |
_a137 ص. ؛ _c24 سم. |
||
| 504 | _aيشتمل على إرجاعات ببليوجرافية. | ||
| 650 | 7 |
_aالتحقيق الجنائي _xمعالجة بيانات _zمصر. _2BUEsh |
|
| 650 | 7 |
_aالمحاكمات الجنائية _xمعالجة بيانات _zمصر. _2BUEsh |
|
| 651 | _2BUEsh | ||
| 653 |
_bLLAAWW _cMarch2017 |
||
| 942 | _2ddc | ||
| 999 |
_c24304 _d24276 |
||